Normal view
MARC view
- Científicos
Entry Materia
001 - NÚMERO DE CONTROL DEL REGISTRO
- campo de control: 10487
003 - IDENTIFICADOR DE NUMERO DE CONTROL
- campo de control: MX-MxUPN
005 - FECHA Y HORA DE LA ÚLTIMA TRANSACCIÓN
- campo de control: 20240214122434.0
008 - DATOS DE LONGITUD FIJA
- campo de control de longitud fija: 240214nn fnnnnbaba b |na |d
035 ## - NÚMERO DE CONTROL DEL SISTEMA
- Número de control del sistema: UPN10000010494
040 ## - FUENTE DE LA CATALOGACIÓN
- Lengua de catalogación: spa
- Centro catalogador de origen: MX-MxUPN
150 ## - ENCABEZAMIENTO - TEMÁTICO
- Término de materia o nombre geográfico como elemento inicial: Científicos
- Subdivisión de forma: Biografía
670 ## - FUENTE EN LA QUE SE LOCALIZARON DATOS
- Cita de la fuente: LC Authorities, 14 febrero 2024 :
- Información localizada: (Scientists -- Biography)
- Identificador Uniforme del Recurso: https://lccn.loc.gov/sh85118697
902 ## - CATALOGADOR
- Catalogador: meeg/240599
- Catalogador: VíctorGodínez/140224
